000 00415nam a2200157Ia 4500
008 240729s9999 xx 000 0 und d
022 _a2515-2270
245 0 _aPhysical Activity and Health
260 _aUnited Kingdom
260 _bUbiquity Press
650 _a Medicine (General)
650 _aMedicine
856 _uhttps://doaj.org/toc/1e07e73ff0af4869b0bffd9e08faf087
942 _2ddc
942 _cDOAJEJ
999 _c72614
_d72614
945 _a1
_bMadushi Gamage
_c1
_dMadushi Gamage